Les amours singulieres /

Guardat en:
Dades bibliogràfiques
Autor principal: Peyrefitte, Roger (Autor)
Format: Llibre
Idioma:francès
Publicat: Paris : Flammarion, c1949
Col·lecció:Le livre de poche
Etiquetes: Afegir etiqueta
Sense etiquetes, Sigues el primer a etiquetar aquest registre!

MARC

LEADER 00000nam a22000007i 4500
001 IT\ICCU\PUV\0816289
003 ItRI
005 20260115232343.0
008 020320s1949 fr |||||| ||||| |||||c
040 |b ita  |c importazione bologna sebina 
041 7 |a fre  |2 ISO-639-2 
100 1 |a Peyrefitte, Roger  |0 IT\ICCU\CFIV\079761  |4 aut 
245 1 4 |a Les amours singulieres /  |c Roger Peyrefitte. 
260 |a Paris :  |b Flammarion,  |c c1949 
300 |a 231 p. ;  |c 19 cm. 
830 3 |a Le livre de poche  |0 IT\ICCU\CAG\0034063 
942 |2 ddc  |c BK  |n 0 
952 |0 0  |1 0  |4 0  |6 DOC_843_914000000000000_PEY  |7 0  |9 24683  |a BO  |b BO  |d 2026-01-15  |i 489  |l 0  |o DOC 843.914 PEY  |p BO489  |r 2026-01-15 23:23:43  |w 2026-01-15  |x [Sebina 5] [1 v.]  |y BK  |z 1 v. 
999 |c 20992  |d 20992